Statistics for Квиз о Мексику

Click here to take the quiz!

General Stats

  • This quiz has been taken 107 times
  • The average score is 12 of 26

Answer Stats

ОписОдговор% Correct
Државе са којима се граничиСАД
99%
Највећи градовиМексико
98%
Најпопуларнији спортФудбал
88%
Алкохолно пиће које се прави од агавеТекила
86%
Цивилизација позната по пирамидама, календару и писањуМаје
80%
Државна валутаПезос
78%
Државе са којима се граничиГватемала
69%
Државе са којима се граничиБелизе
62%
Врста малог пса, назван је по овој мексичкој државиЧивава
59%
Цивилизација коју је победио КортесАстеци
57%
Национална животињаСури орао
56%
Најдужа рекаРио Гранде
52%
Полуострво на коме се налази град КанкунЈукатан
46%
Највећи градовиГвадалахара
41%
Стил народне музике са трубама и гитарамаМаријачи
36%
Година када је Мексико био домаћин Летњих олимпијских игара1968
35%
Празник који се слави од 31. октобра - 2. новембраДан {мртвих}
33%
Град на Пацифику, познат по скоковима у водуАкапулко
30%
Три најчешћа презимена у Мексику
(погоди било које)
Хернандез |
Гарсија | Мартинез
26%
Најважнији извозни производНафта
20%
Велики град у близини Сан ДијегаТихуана
20%
Највећи градовиМонтереј
20%
Полуострво јужно од КалифорнијеДоња Калифорнија
17%
Мексички назив за професионално рвање{Луча} Либре
12%
Најбогатији човекКарлос Слим
11%
Сос од љутих папричица који се некад прави са чоколадомМоле
6%

Score Distribution

Percentile by Number Answered

Percent of People with Each Score

Your Score History

You have not taken this quiz